| 000 | 00798nas a2200253 4500 | ||
|---|---|---|---|
| 001 | BR9212749 | ||
| 003 | BR-BrBNA | ||
| 005 | 20231205094755.0 | ||
| 007 | ta | ||
| 008 | 230509b bl.|||p| |||| 00| 00por d | ||
| 040 |
_aBR-BrBNA _bpor _cBiblioteca Nacional de Agricultura |
||
| 041 | _a(Pt) | ||
| 072 | _aL70 | ||
| 100 | 1 | _aAmaral, V. do | |
| 100 | 1 | _aMacruz, R. | |
| 245 | 1 | _aToxoplasma gondii: isolamento de amostras a partir de diafragmas de suinos clinicamente sadios, abatidos em matadouros de Sao Paulo - Brasil | |
| 650 | _aSUÍNO | ||
| 650 | _aVeterinaria | ||
| 650 | _aAutopsia | ||
| 650 | _aSao Paulo | ||
| 773 | 0 |
_tArquivos do Instituto Biologico (Brazil) _x _g(Jan-Mar 1969), v. 36(1) p. 47-54 _wBR9212749 |
|
| 909 |
_a202311 _bLúcia _c55 _dLúcia Elande |
||
| 942 |
_2AGRIS _n0 _cANA |
||
| 999 |
_c146753 _d146753 |
||